000 00294 a2200145 4500
001 176843
020 _a
040 _cMagnum
100 _aFurtado, Maria Cristina
240 1 0 _aFlor de maio
_lpor
245 1 0 _aFlor de maio
362 0 _a1899
697 _aMAGNITO: IJ/GERAL
942 _cBK
999 _c176843
_d176843